00807 a2200169 4500003000500000005001700005040000900022100008000031245015600111260004400267300001300311505018100324651001100505942001200516999001900528952009000547Nust20170207154011.0 cNust aAlptekin Kupcu B.S., Bilkent University, 2004 M.Sc., Brown University, 2007 aEfficient Cryptography for the Next Generation Secure Cloud (E-Book)cAlptekin K¨up¸c¨u B.S., Bilkent University, 2004 M.Sc., Brown University, 2007 a IslandbProvidence, Rhode Islandc2010 axv,259,p aThe Next Generation Secure Cloud(Page-1)Networking In The Cloud (Page-10) Trusting The Cloud (Page-49) Computing In The Cloud (Page-81) Storing In The Cloud (Page-104) aE-Book 2ddccBK c191192d191192 00102ddc40708NFICamcsbMCSd2016-12-12l0pMCSEB-425r2016-12-08w2016-12-12yBK